[Event "Augustow op"]
[Site "Augustow"]
[Date "2004.??.??"]
[Round "3"]
[White "Granacka, Diana"]
[Black "Bukowski, Adrian"]
[Result "0-1"]
[WhiteElo "1400"]
[BlackElo "1600"]
[PlyCount "98"]
[EventDate "2004.08.??"]
[EventType "swiss"]
[EventRounds "9"]
[EventCountry "POL"]
[SourceTitle "EXT 2008"]
[Source "ChessBase"]
[SourceDate "2007.11.25"]
[SourceVersion "1"]
[SourceVersionDate "2007.11.25"]
[SourceQuality "1"]

1. e4 c5 2. Nf3 Nc6 3. Nc3 e6 4. Bc4 a6 5. 0-0 Qc7 6. d4 b5 7. Be2 cxd4 8. Nxd4 Nxd4 9. Qxd4 Bc5 10. Qd3 Bb7 11. Qg3 Qxg3 12. hxg3 b4 13. Na4 Ba7 14. c3 Bc6 15. b3 Nf6 16. Be3 Nxe4 17. Bxa6 Bxe3 18. fxe3 Rxa6 19. cxb4 Nxg3 20. Rfd1 Bxa4 21. bxa4 Rxa4 22. Rd4 Ne2+ 23. Kh2 Nxd4 24. exd4 Rxb4 25. Rc1 Ke7 26. Rd1 Ra8 27. Rd2 Rba4 28. Kh3 Rxa2 29. Rxa2 Rxa2 30. g3 h5 31. Kh4 Rh2+ 32. Kg5 Kd6 33. g4 hxg4 34. Kxg4 Rd2 35. Kf4 Rxd4+ 36. Ke3 Ke5 37. Kf3 Re4 38. Kg3 d5 39. Kf3 d4 40. Kg3 d3 41. Kf2 d2 42. Kf3 d1R 43. Kf2 Ra1 44. Kf3 Rb4 45. Ke3 Ra3+ 46. Kd2 Rb2+ 47. Kc1 Rh2 48. Kb1 Re3 49. Kc1 Re1# 0-1

[Event "Augustow op"]
[Site "Augustow"]
[Date "2004.??.??"]
[Round "6"]
[White "Gryglas, Kamil"]
[Black "Granacka, Diana"]
[Result "0-1"]
[WhiteElo "1400"]
[BlackElo "1400"]
[PlyCount "100"]
[EventDate "2004.08.??"]
[EventType "swiss"]
[EventRounds "9"]
[EventCountry "POL"]
[SourceTitle "EXT 2008"]
[Source "ChessBase"]
[SourceDate "2007.11.25"]
[SourceVersion "1"]
[SourceVersionDate "2007.11.25"]
[SourceQuality "1"]

1. e4 e5 2. Nf3 Nc6 3. Bc4 Bc5 4. Ng5 Qxg5 5. d4 Qxg2 6. Rf1 Bxd4 7. Kd2 d6 8. Rg1 Qxf2+ 9. Kd3 Qf6 10. c3 Bxg1 11. Qxg1 Qg6 12. Qf2 Be6 13. Bb5 Qf6 14. Qg2 Nge7 15. Bxc6+ Nxc6 16. Bg5 Qg6 17. Na3 a6 18. Rg1 h6 19. Be3 Qxg2 20. Rxg2 0-0-0 21. Rxg7 Rdg8 22. Rxg8+ Rxg8 23. Bxh6 Bxa2 24. Be3 d5 25. exd5 Bxd5 26. h3 Rh8 27. c4 Be6 28. h4 Rxh4 29. Bg5 Rh2 30. Kc3 Rg2 31. Bf6 Rf2 32. Bg7 e4 33. Nc2 Rf3+ 34. Kd2 Rd3+ 35. Ke2 Nd4+ 36. Bxd4 Bxc4 37. Ke1 Bb3 38. Na1 Rxd4 39. Nxb3 Rb4 40. Nc5 f5 41. Kf2 Rxb2+ 42. Kg3 Rc2 43. Ne6 e3 44. Nd4 Ra2 45. Kf3 a5 46. Nxf5 a4 47. Kxe3 Rc2 48. Nd4 Ra2 49. Kd3 a3 50. Kc3 Rh2 0-1